Seville et le théâtre (Record no. 143458)

MARC details
000 -LEADER
campo de control de longitud fija 00556nam a2200169 4500
001 - NÚMERO DE CONTROL
campo de control 143458
003 - IDENTIFICADOR DE NÚMERO DE CONTROL
campo de control ES-MaACL
007 - CAMPO FIJO DE DESCRIPCIÓN FÍSICA--INFORMACIÓN GENERAL
campo de control de longitud fija t|
008 - DATOS DE LONGITUD FIJA--INFORMACIÓN GENERAL
campo de control de longitud fija 070214s1984 fr r ||||1| fre d
020 ## - NÚMERO INTERNACIONAL ESTÁNDAR DEL LIBRO
Número Internacional Estándar del Libro 2-86781-009-4
100 1# - ENTRADA PRINCIPAL--NOMBRE DE PERSONA
Nombre de persona Sentaurens, Jean.
9 (RLIN) 105478
245 10 - MENCIÓN DEL TÍTULO
Título Seville et le théâtre
Resto del título : de la fin du Moyen Age a la fin du XVII siècle /
Mención de responsabilidad, etc. Jean Sentaurens.
260 ## - PUBLICACIÓN, DISTRIBUCIÓN, ETC.
Lugar de publicación, distribución, etc. Lille :
Nombre del editor, distribuidor, etc. Atelier National de Reproductions des Thèses,
Fecha de publicación, distribución, etc. 1984.
300 ## - DESCRIPCIÓN FÍSICA
Extensión 2 v. ;
Dimensiones 24 cm.
852 ## - LOCALIZACIÓN
Ubicación ES-MaACL
Número de control de estantería L-9045-6
Sublocalización o colección R.111054
852 ## - LOCALIZACIÓN
Ubicación ES-MaACL
Número de control de estantería L-8789-90
Sublocalización o colección R.110381
Holdings
Estatus retirado Estado de pérdida Estado de daño No para préstamo Biblioteca de origen Biblioteca actual Ubicación en estantería Fecha de adquisición Fuente de adquisición Total de préstamos Signatura topográfica completa Código de barras Visto por última vez Precio de reemplazo Tipo de ítem Koha
        Biblioteca del Ateneo de Madrid Biblioteca del Ateneo de Madrid Depósito 2 17/01/2008     L-8789-90 1149258 23/02/2023 23/02/2023 Libro impreso
        Biblioteca del Ateneo de Madrid Biblioteca del Ateneo de Madrid Depósito 2 17/01/2008     L-9045-6 1149257 23/02/2023 23/02/2023 Libro impreso